Conocimientos y prácticas sobre autocuidado en la premenopausia en mujeres de un barrio de la Localidad 2 (Cartagena, Colombia). 2024 / (Registro nro. 4128)

Detalles MARC
000 -LEADER
fixed length control field 01893nam a2200325 4500
001 - CONTROL NUMBER
control field 0000100124
005 - DATE AND TIME OF LATEST TRANSACTION
control field 20250329165436.0
008 - FIXED-LENGTH DATA ELEMENTS--GENERAL INFORMATION
fixed length control field 190730s2024 000 0 eng d
040 ## - CATALOGING SOURCE
Original cataloging agency CO-CtgCURN
Language of cataloging spa
Transcribing agency coctgcurn
041 0# - LANGUAGE CODE
Language code of text/sound track or separate title spa
082 0# - DEWEY DECIMAL CLASSIFICATION NUMBER
Classification number ENF2022
Item number C112
100 1# - MAIN ENTRY--PERSONAL NAME
Personal name Cabarcas Pérez, Valentina.
245 10 - TITLE STATEMENT
Title Conocimientos y prácticas sobre autocuidado en la premenopausia en mujeres de un barrio de la Localidad 2 (Cartagena, Colombia). 2024 /
Statement of responsibility, etc. Valentina Cabarcas Pérez; María Alejandra Jiménez Bassa; María de Jesús Lozano Herrera; Harnaldo Gregorio Mejía Herrera; directoras Moraima del Toro Rubio; Leisly Beleño Pinedo.
260 ## - PUBLICATION, DISTRIBUTION, ETC.
Place of publication, distribution, etc. Cartagena de Indias :
Name of publisher, distributor, etc. Corporación Universitaria Rafael Núñez,
Date of publication, distribution, etc. 2024.
300 ## - PHYSICAL DESCRIPTION
Extent 112 hojas.
336 ## - CONTENT TYPE
Source rdacontent
Content type term text
Content type code txt
337 ## - MEDIA TYPE
Source rdacarrier
Media type term sin mediacion
Media type code n
338 ## - CARRIER TYPE
Source rdacarrier
Carrier type term volumen
Carrier type code nc
502 ## - DISSERTATION NOTE
Dissertation note Trabajo de grado (Enfermeria). Corporacion Universitaria Rafael Nuñez. Facultad de Ciencias de la salud. Enfermeria, 2024.
520 ## - SUMMARY, ETC.
Summary, etc. "El autocuidado durante la premenopausia es clave para mejorar la calidad de vida, gestionar los síntomas y promover el bienestar general, por ello son importantes los conocimientos que las mujeres tengan al respecto, así como las prácticas que lleve a cabo"
650 #0 - SUBJECT ADDED ENTRY--TOPICAL TERM
Topical term or geographic name entry element Enfermeria
Form subdivision Tesis y disertaciones academicas.
700 1# - ADDED ENTRY--PERSONAL NAME
Personal name Jiménez Bassa, María Alejandra;
700 1# - ADDED ENTRY--PERSONAL NAME
Personal name Lozano Herrera, María de Jesús.
700 1# - ADDED ENTRY--PERSONAL NAME
Personal name Mejía Herrera, Harnaldo Gregorio.
700 1# - ADDED ENTRY--PERSONAL NAME
Personal name Toro Rubio, Moraima del ,
Relator term directora.
700 1# - ADDED ENTRY--PERSONAL NAME
Personal name Beleño Pinedo, Leisly,
Relator term asesora.
856 ## - ELECTRONIC LOCATION AND ACCESS
Uniform Resource Identifier <a href="https://unicurn.sharepoint.com/:b:/s/biblioteca/EbQz_0NxBVBMhb4cZS2B6q8Bx6o5i6CEPQXqyq-ChthumQ?e=Ccw3vO">https://unicurn.sharepoint.com/:b:/s/biblioteca/EbQz_0NxBVBMhb4cZS2B6q8Bx6o5i6CEPQXqyq-ChthumQ?e=Ccw3vO</a>
Public note Click para ver el recurso en texto completo
942 ## - ADDED ENTRY ELEMENTS (KOHA)
Koha item type Trabajos de grado
Classification part ENF 2024
Item part C112
Existencias
Withdrawn status Lost status Damaged status Not for loan Collection Home library Current library Shelving location Date acquired Cost, normal purchase price Inventory number Total checkouts Full call number Barcode Date last seen Price effective from Koha item type
        Trabajos de grado Miguel Henríquez Emiliani Miguel Henríquez Emiliani Trabajo de grado 03/29/2025 35000.00 025388   ENF 2024 C112 025388 03/29/2025 03/29/2025 Trabajos de grado